Prijaté opatrenia EÚ na ocranu spotrebiteľov a ich realizácia v členských krajinách EÚ diplomová práca

Salvato in:
Dettagli Bibliografici
Autore principale: Švábová, Zuzana
Ente Autore: Obchodná fakulta EU. Katedra medzinárodného obchodu
Altri autori: Rosenberg, Miloslav
Natura: Libro
Lingua:slovacco
Pubblicazione: Bratislava 2011
Tags: Aggiungi Tag
Nessun Tag, puoi essere il primo ad aggiungerne!!

MARC

LEADER 00000nam a2200000 4500
001 0148266
005 20240318124818.2
041 0 |a slo 
044 |a SK 
245 1 0 |a Prijaté opatrenia EÚ na ocranu spotrebiteľov a ich realizácia v členských krajinách EÚ  |b diplomová práca  |c Zuzana Švábová ; školiteľ: Miloslav Rosenberg 
264 1 |a Bratislava  |c 2011 
300 |a 98 s. 
100 1 |a Švábová, Zuzana 
700 1 |a Rosenberg, Miloslav 
710 2 |a Obchodná fakulta EU. Katedra medzinárodného obchodu